Wiliam Schiffer jubiluje

Bibliographic Details
Format: Article
Language:Slovak
PhysicalDescription:Fotogr.
ISSN:0862-5999
Subjects:

MARC

LEADER 00000nab a2200000 a 4500
001 vtls008301403
003 SK-MaSNL
005 20260303075231.0
008 160322c2005 xo ||||||h| |00 b|slo
015 |a SNBRB2005/10  |2 snkbucl 
038 |a SNKBUCL 
040 |a SNKBUCL  |b slo  |c SNKBUCL  |e AACR2 
041 0 |a slo 
044 |a xo  |c SK 
080 |a 730.071.1  |2 1997 
080 |a 929 Schiffer, William  |2 1997 
245 0 0 |a Wiliam Schiffer jubiluje  |c [autor] (m) 
300 |b Fotogr. 
600 1 7 |a Schiffer, William,  |d 1920-2007  |2 snkbucl  |9 204116 
773 0 |t Literárny (dvoj)týždenník  |g Roč. XVIII, č. 27-28 (2005), s. 2  |x 0862-5999 
852 |a SNK  |b KIS3GCP 
958 |a BX 
999 |c 1774897  |d 1776827